000 01029nam a2200265 a 4500
001 961
003 BR-CuiBMT
005 20231123233214.0
008 231123s2005 dfba 000 0 por d
020 _a8574692646
040 _aBR-CuiBMT
_cBR-CuiBMT
080 _22007
_a35.077.3
090 _a35.077.3
_bA474s
100 1 _aAlves, Léo da Silva
245 1 0 _aSindicância investigatória :
_ba técnica de apuração de irregularidades em torno do serviço público /
_cLéo da Silva Alves.
260 _aBrasília :
_bBrasília Jurídica,
_c2005.
300 _a143 p. :
_bil. ;
_c21 cm
500 _aTrabalho produzido por especialista que treina quadros do Governo Federal, do Congresso Nacional, dos Tribunais Superiores e das principais Corregedorias do país.
505 _aInclui bibliografia.
650 _aSindicância administrativa
_zBrasil
650 _aInquérito administrativo
_zBrasil
650 _aProcesso disciplinar
_zBrasil
650 _aServiço público
_xAfastamento
_zBrasil
942 _2udc
_cLV
999 _c961
_d961